000 00421nam a2200157Ia 4500
008 210716s2004 xx 000 0 und d
020 _a8178813122
041 _aeng
082 _a332.645 RAOS
100 _aRao, Shilpa M.
245 _aInflation: concepts and experiences.
_bConcepts and experiences.
250 _a1
260 _aHyderabad
_bICFAI University Press
_c2004
300 _aviii,186,A11
650 _aNone
999 _c202364
_d202364